Biblioteca

Victoria sobre el poder de las tinieblas : (Registro nro. 50369)

Detalles MARC
000 -LÍDER
Campo fijo de descripción fija 01272aab a2200193 i 4500
001 - NÚMERO DE CONTROL
Campo de control 768714001
003 - IDENTIFICADOR DEL NÚMERO DE CONTROL
Campo de control CO-MdFUSB
005 - FECHA Y HORA DE LA ULTIMA TRANSACCIÓN
control field 20250304120353.0
008 - ELEMENTOS DE LONGITUD FIJA -- INFORMACIÓN GENERAL
Campo fijo de descripción fija -- Información general 170812s1988 cr ||||| |||| 00| 0 spa d
040 ## - FUENTE DE CATALOGACIÓN
Agencia Catalogadora CO-MdFUSB
Idioma de catalogación spa
Agencia que realiza la transcripción CO-MdFUSB
Agencia que realiza la modificación CO-MdFUSB
041 ## - CÓDIGO DE IDIOMA
Código de idioma para texto/pista de sonido o título separado spa
245 10 - TÍTULO
Título Victoria sobre el poder de las tinieblas :
Subtitulo entrevista con Mahesh Chavda
300 ## - DESCRIPCIÓN FÍSICA
Extensión Volumen 1. Número 4 (1988), páginas 80-83
Dimensiones : 28 cm.
520 ## - NOTA DE RESUMEN, ETC.
Nota de sumario, etc. Mahesh Chavda es un ministro cristiano con 14 años de experiencia, quien ha visto muchos milagros, incluidos sanaciones y resurrecciones. Nació en Kenia en una familia hindú y se convirtió al cristianismo a los 16 años tras una visión de Jesús. Chavda afirma que el ayuno y la oración son herramientas poderosas para enfrentar desafíos espirituales, como la posesión demoníaca y enfermedades graves. Relata cómo liberó a un joven de un espíritu maligno tras ayunar 14 días. Recomienda a quienes desean ayunar empezar con períodos más cortos y consultar a un médico. Chavda invita a los cristianos a orar y ayunar por su ministerio.
653 ## - TÉRMINO DE INDIZACIÓN - NO CONTROLADO
Término no controlado Disciplinas espirituales
773 0# - ASIENTO DE ITEM FUENTE
Título Conquista Cristiana
Biblionumber 49446
Itemnumber 60348
Parte(s) relacionada(s) / Volumen., número. (mes año), páginas Volumen 1. Número 4 (1988), páginas 80-83
Enumeración y primera página Página 80
942 ## - TIPO DE MATERIAL (KOHA)
Tipo de Item KOHA Artículos de Revista
945 ## - INFORMACIÓN LOCAL DEL REGISTRO
Catalogador JTF-925

No hay ítems disponibles.

Biblioteca FUSBC | Teléfono: (57+4) 349 88 10 Ext. 141| WhatsApp (+57) 3005338115 
E-mail: biblioteca@unisbc.edu.co | Calle 76 87-14 Robledo Palenque, Medellín, Colombia

Con tecnología Koha